Handbook of Business English

Guardado en:
Detalles Bibliográficos
Formato: Libro
Lenguaje:inglés
Publicado: London Harper & Brothers Publisher 1945
Etiquetas: Agregar Etiqueta
Sin Etiquetas, Sea el primero en etiquetar este registro!

MARC

LEADER 00000nam a2200000 4500
001 0314677
005 20260202114008.2
041 0 |a eng 
044 |a GB 
245 1 0 |a Handbook of Business English 
264 1 |a London  |b Harper & Brothers Publisher  |c 1945